000 00619nam a2200205 a 4500
005 20240806063747.0
008 991125s1986 mx 000 0 spa u
020 _a9684300581
035 _aUPN01000005550
049 _aCG
050 4 _aPZ8.9
_bW3.8 1986
100 1 _aWallace, Lewis,
_d1827-1905
245 1 0 _aBen-Hur /
_cLewis Wallace, Robin S. Wright ; tr. Jorge Orellana Mora.
260 _aMéxico :
_bNuevas Técnicas Educativas,
_c1986.
300 _a139 p. :
_bil.
440 0 _aClásicos juveniles Altea
650 4 _aCuentos estadounidenses
_912811
700 1 _aWright, Robin S.,
_ecoaut.
905 _aLibro
999 _c5550
_d5550